5HLuxD.jpg

KING HENRY VIII SENIOR AND PRIMARY SCHOOL LIBRARY OPAC

How many socks make a pair? : (Record no. 283)

000 -LEADER
fixed length control field 01086nam a22003371i 4500
001 - CONTROL NUMBER
control field 019862437
003 - CONTROL NUMBER IDENTIFIER
control field UkOxU
005 - DATE AND TIME OF LATEST TRANSACTION
control field 20190805110105.0
008 - FIXED-LENGTH DATA ELEMENTS--GENERAL INFORMATION
fixed length control field 140114r20142008enka 000 0 eng|d
015 ## - NATIONAL BIBLIOGRAPHY NUMBER
National bibliography number GBB425880
Source bnb
016 7# - NATIONAL BIBLIOGRAPHIC AGENCY CONTROL NUMBER
Record control number 016644628
Source Uk
020 ## - INTERNATIONAL STANDARD BOOK NUMBER
International Standard Book Number 9781781313244 (pbk.) :
035 ## - SYSTEM CONTROL NUMBER
System control number (Uk)016644628
040 ## - CATALOGING SOURCE
Original cataloging agency StDuBDS
Language of cataloging eng
Description conventions rda
Transcribing agency StDuBDS
Modifying agency Uk
042 ## - AUTHENTICATION CODE
Authentication code ukblsr
082 04 - DEWEY DECIMAL CLASSIFICATION NUMBER
Classification number 510 EAS
Edition number 23
100 1# - MAIN ENTRY--PERSONAL NAME
Personal name Eastaway, Robert,
Relator term author.
245 10 - TITLE STATEMENT
Title How many socks make a pair? :
Remainder of title surprisingly interesting everyday maths /
Statement of responsibility, etc. Rob Eastaway ; with illustrations by Barbara Shore.
264 #1 - PRODUCTION, PUBLICATION, DISTRIBUTION, MANUFACTURE, AND COPYRIGHT NOTICE
Place of production, publication, distribution, manufacture London :
Name of producer, publisher, distributor, manufacturer Aurum Press,
Date of production, publication, distribution, manufacture, or copyright notice 2014.
300 ## - PHYSICAL DESCRIPTION
Extent 174 pages :
Other physical details illustrations ;
Dimensions 20 cm
336 ## - CONTENT TYPE
Content type term text
Source rdacontent
336 ## - CONTENT TYPE
Content type term still image
Source rdacontent
337 ## - MEDIA TYPE
Media type term unmediated
Source rdamedia
338 ## - CARRIER TYPE
Carrier type term volume
Source rdacarrier
500 ## - GENERAL NOTE
General note Originally published: London: JR, 2008.
500 ## - GENERAL NOTE
General note Formerly CIP.
Institution to which field applies Uk
650 #0 - SUBJECT ADDED ENTRY--TOPICAL TERM
Topical term or geographic name entry element Mathematics
Form subdivision Popular works.
700 1# - ADDED ENTRY--PERSONAL NAME
Personal name Shore, Barbara,
Dates associated with a name 1950-
Relator term illustrator.
942 ## - ADDED ENTRY ELEMENTS (KOHA)
Source of classification or shelving scheme
Koha item type Books - Non Ficton
Holdings
Withdrawn status Lost status Source of classification or shelving scheme Damaged status Not for loan Collection code Permanent Location Current Location Shelving location Date acquired Full call number Barcode Date last seen Copy number Price effective from Koha item type Total Checkouts Date last checked out
          Non-Fiction KH8 Senior School Library KH8 Senior School Library Non Fiction 2019-08-05 510 EAS 3KHSL000100157 2019-08-05 1 2019-08-05 Books - Non Ficton    
          Non-Fiction KH8 Senior School Library KH8 Senior School Library Non Fiction 2019-08-05 510 EAS 3KHSL000101066 2025-03-21 2 2019-08-05 Books - Non Ficton 1 2025-03-20
          Teaching Resources KH8 Senior School Library KH8 Senior School Library Staff Office 2023-10-02 510 EAS TRKHSL003923 2023-10-02 3 2023-10-02 Teaching Resources    

Powered By KH8 IT Dept